000 00316nam a22001337a 4500
999 _c13740
_d13740
020 _a9781352004021
082 _a658.3
100 _aRonan Carbery ; Christine Cross
245 _aHuman Resource Management
250 _a2nd edition
260 _aUK
_bRed Globe Press
_c2019
300 _axl, 329 pages
942 _cBK